| 000 | 01314nam a22002897a 4500 | ||
|---|---|---|---|
| 999 |
_c112755 _d112755 |
||
| 003 | dpl | ||
| 005 | 20190211141454.0 | ||
| 008 | 180906b xxu||||| |||| 00| 0 eng d | ||
| 010 | _aB-075202 | ||
| 020 |
_c95.00 _a8170559553 |
||
| 035 | _aB-075202, B-075203, B-075206 | ||
| 037 | _bCen Lib/Ret | ||
| 040 |
_aDPL _bHN _c0 |
||
| 082 |
_a821 _bअवस्थी |
||
| 100 |
_aअवस्थी, रमानाथ _949052 |
||
| 245 |
_aहमारे लोकप्रिय गीतकार / _cरमानाथ अवस्थी ; संपादक शेरगंज गर्ग |
||
| 246 |
_aHamare lokpriye geetkaar / _bby Ramanath Awasthi ; edited by Sherganj Garg |
||
| 260 |
_aनयी दिल्ली _bवाणी प्रकाशन _c2002 |
||
| 270 |
_a21-ए, दरियागंज _bनयी दिल्ली _e110002 |
||
| 300 |
_a139पृ. _c20सेमी (सजिल्द) |
||
| 650 |
_aहिन्दी -- साहित्य _949053 |
||
| 650 |
_aहिन्दी -- गीत -- रमानाथ अवस्थी _944332 |
||
| 650 |
_aHindi - literature _949054 |
||
| 650 |
_aHindi -- songs -- Ramanath Awasthi _949055 |
||
| 700 |
_aगर्ग, शेरगंज _9210 |
||
| 942 |
_2ddc _cHN _h821 _mअवस्थी |
||